Hybridné hrozby s dôrazom na kybernetické útoky a ich vplyv na finančný systém diplomová práca
Gespeichert in:
| 1. Verfasser: | |
|---|---|
| Körperschaft: | |
| Weitere Verfasser: | |
| Format: | Buch |
| Sprache: | Slowakisch |
| Veröffentlicht: |
Bratislava
2025
|
| Tags: |
Keine Tags, Fügen Sie das erste Tag hinzu!
|
MARC
| LEADER | 00000nbm a2200000 4500 | ||
|---|---|---|---|
| 001 | 0309562 | ||
| 005 | 20260115135100.4 | ||
| 041 | 0 | |a slo | |
| 044 | |a SK | ||
| 245 | 1 | 0 | |a Hybridné hrozby s dôrazom na kybernetické útoky a ich vplyv na finančný systém |b diplomová práca |c Dardan Rašiti ; školiteľ: Eva Jančíková |
| 264 | 1 | |a Bratislava |c 2025 | |
| 300 | |a 75 s. | ||
| 100 | 1 | |a Rašiti, Dardan | |
| 700 | 1 | |a Jančíková, Eva, 1960- | |
| 710 | 2 | |a Fakulta medzinárodných vzťahov EU. Katedra medzinárodných ekonomických vzťahov a hospodárskej diplomacie | |